William Faulkner

Gardado en:
Detalles Bibliográficos
Autor Principal: Hoffman, Frederick J (Author)
Formato: Libro
Idioma:Lingua castelá
Publicado: Buenos Aires Compañia General Fabril 1968
Series:Los Libros del Mirasol
Subjects:
Tags: Engadir etiqueta
Sen Etiquetas, Sexa o primeiro en etiquetar este rexistro!

MARC

LEADER 00000nam a2200000 a 4500
001 UCQ4466
003 CL-VaPUC
008 980904e19680000AG |||||||||||||||||spa|d
082 0 4 |a 813.09  |b HOF  |2 21 
100 |a Hoffman, Frederick J  |e author  |9 574623 
245 1 0 |a William Faulkner 
300 |a 191 p 
942 |c BK 
945 |d 19980904 00:00:00  |a lriquelm 
260 |a Buenos Aires  |b Compañia General Fabril  |c 1968 
600 0 7 |a FAULKNER, WILLIAM  |2 CL-VaPUC  |9 313148 
650 0 |a Novelas estadounidenses  |9 265217 
650 0 |a Literatura estadounidense  |9 317168 
650 0 |a Crítica e interpretación   |9 255042 
650 0 |a Crítica literaria   |9 269189 
583 |a last modification  |c 19980904 00:00:00  |k Rodrigo Vera 
490 0 |a Los Libros del Mirasol 
999 |c 274841  |d 274839 
952 |0 0  |1 0  |4 0  |6 813_090000000000000_HOF_1968  |7 0  |8 A  |9 311166  |a BIBEDU  |b BIBEDU  |d 2019-11-20  |i 1462059  |o 813.09 HOF 1968  |p 1462059  |r 2019-11-20  |w 2019-11-20  |y BK  |k LIT